Encyclopedia of strategic marketing management. (Record no. 344092)
[ view plain ]
| 000 -LEADER | |
|---|---|
| fixed length control field | 00767 a2200229 4500 |
| 003 - CONTROL NUMBER IDENTIFIER | |
| control field | OSt |
| 005 - DATE AND TIME OF LATEST TRANSACTION | |
| control field | 20230922204248.0 |
| 008 - FIXED-LENGTH DATA ELEMENTS--GENERAL INFORMATION | |
| fixed length control field | 160426b xxu||||| |||| 00| 0 eng d |
| 020 ## - INTERNATIONAL STANDARD BOOK NUMBER | |
| International Standard Book Number | 8179923916 |
| 020 ## - INTERNATIONAL STANDARD BOOK NUMBER | |
| International Standard Book Number | 9788179923917 |
| 038 ## - RECORD CONTENT LICENSOR | |
| Staff Name | M. Safdar |
| 040 ## - CATALOGING SOURCE | |
| Transcribing agency | 0 |
| 082 ## - DEWEY DECIMAL CLASSIFICATION NUMBER | |
| Classification number | 658.803 HER 2005 |
| 100 ## - MAIN ENTRY--PERSONAL NAME | |
| Personal name | Stephen Morse |
| 9 (RLIN) | 29345 |
| 245 00 - TITLE STATEMENT | |
| Title | Encyclopedia of strategic marketing management. |
| Remainder of title | (Set of 10 volumes) |
| 260 ## - PUBLICATION, DISTRIBUTION, ETC. | |
| Place of publication, distribution, etc. | [S.l.] : |
| Name of publisher, distributor, etc. | Jaico Publishing House, |
| Date of publication, distribution, etc. | 2005. |
| 300 ## - PHYSICAL DESCRIPTION | |
| Extent | 1 v. (unpaged) ; |
| Dimensions | 42 cm. |
| 500 ## - GENERAL NOTE | |
| General note | Hardcover. |
| 856 40 - ELECTRONIC LOCATION AND ACCESS | |
| Materials specified | Amazon.com |
| Uniform Resource Identifier | <a href="http://www.amazon.com/exec/obidos/ASIN/8179923916/chopaconline-20">http://www.amazon.com/exec/obidos/ASIN/8179923916/chopaconline-20</a> |
| 856 40 - ELECTRONIC LOCATION AND ACCESS | |
| Materials specified | Amazon customer reviews |
| Uniform Resource Identifier | <a href="http://www.chopac.org/cgi-bin/tools/azrev.pl?q=8179923916">http://www.chopac.org/cgi-bin/tools/azrev.pl?q=8179923916</a> |
| 942 ## - ADDED ENTRY ELEMENTS (KOHA) | |
| Institution code [OBSOLETE] | NBS |
| Koha item type | Book |
| Call number prefix | 658.803 |
| Source of classification or shelving scheme | |
| Withdrawn status | Lost status | Source of classification or shelving scheme | Damaged status | Not for loan | Permanent Location | Current Location | Date acquired | Total Checkouts | Full call number | Barcode | Date last seen | Price effective from | Koha item type | Date last checked out | Materials specified (bound volume or other part) | Shelving location | Source of acquisition | Total Renewals |
|---|---|---|---|---|---|---|---|---|---|---|---|---|---|---|---|---|---|---|
| Central Library (CL) | Central Library (CL) | 08/28/2013 | 658.803 HER 2005 | NBS6655 | 04/26/2016 | 08/28/2013 | Book | |||||||||||
| Central Library (CL) | Central Library (CL) | 08/28/2013 | 2 | 658.803 HER 2005 | NBS6656 | 10/05/2018 | 08/28/2013 | Reference | 10/05/2018 | |||||||||
| Central Library (CL) | Central Library (CL) | 08/28/2013 | 658.803 HER 2005 | NBS6657 | 02/03/2020 | 08/28/2013 | Reference | |||||||||||
| Central Library (CL) | Central Library (CL) | 08/28/2013 | 658.803 HER 2005 | NBS6658 | 02/14/2022 | 08/28/2013 | Book | |||||||||||
| Central Library (CL) | Central Library (CL) | 08/28/2013 | 658.803 HER 2005 | NBS6659 | 08/28/2013 | 08/28/2013 | Reference | |||||||||||
| Central Library (CL) | Central Library (CL) | 08/28/2013 | 658.803 HER 2005 | NBS6660 | 08/28/2013 | 08/28/2013 | Book | |||||||||||
| Central Library (CL) | Central Library (CL) | 08/28/2013 | 658.803 HER 2005 | NBS6661 | 02/18/2022 | 08/28/2013 | Reference | |||||||||||
| Central Library (CL) | Central Library (CL) | 08/28/2013 | 658.803 HER 2005 | NBS6662 | 08/28/2013 | 08/28/2013 | Reference | |||||||||||
| Central Library (CL) | Central Library (CL) | 08/28/2013 | 658.803 HER 2005 | NBS6663 | 08/28/2013 | 08/28/2013 | Reference | |||||||||||
| Central Library (CL) | Central Library (CL) | 08/28/2013 | 658.803 HER 2005 | NBS6664 | 08/28/2013 | 08/28/2013 | Reference | |||||||||||
| Central Library (CL) | Central Library (CL) | 09/22/2023 | 658.803 HER 2005 | CL-D-2468 | 09/22/2023 | 09/22/2023 | Reference | Vol-10 | Reference | Donation | ||||||||
| Central Library (CL) | Central Library (CL) | 09/22/2023 | 658.803 HER 2005 | CL-D-2467 | 09/22/2023 | 09/22/2023 | Reference | Vol-9 | Reference | Donation | ||||||||
| Central Library (CL) | Central Library (CL) | 09/22/2023 | 658.803 HER 2005 | CL-D-2466 | 09/22/2023 | 09/22/2023 | Reference | Vol-8 | Reference | Donation | ||||||||
| Central Library (CL) | Central Library (CL) | 09/22/2023 | 658.803 HER 2005 | CL-D-2465 | 09/22/2023 | 09/22/2023 | Reference | Vol-7 | Reference | Donation | ||||||||
| Central Library (CL) | Central Library (CL) | 09/23/2023 | 658.803 HER 2005 | CL-D-2460 | 09/23/2023 | 09/23/2023 | Reference | Vol-2 | Reference | Donation | ||||||||
| Central Library (CL) | Central Library (CL) | 09/23/2023 | 658.803 HER 2005 | CL-D-2461 | 09/23/2023 | 09/23/2023 | Reference | Vol-3 | Reference | Donation | ||||||||
| Central Library (CL) | Central Library (CL) | 09/23/2023 | 658.803 HER 2005 | CL-D-2462 | 09/23/2023 | 09/23/2023 | Reference | Vol-4 | Reference | Donation | ||||||||
| Central Library (CL) | Central Library (CL) | 09/23/2023 | 1 | 658.803 HER 2005 | CL-D-2463 | 10/29/2024 | 09/23/2023 | Book | 05/31/2024 | Vol-5 | Reference | Donation | 3 | |||||
| Central Library (CL) | Central Library (CL) | 09/23/2023 | 658.803 HER 2005 | CL-D-2464 | 09/23/2023 | 09/23/2023 | Reference | Vol-6 | Reference | Donation |
